| 000 | 00959nam a2200253 a 4500 | ||
|---|---|---|---|
| 005 | 20180907162925.0 | ||
| 008 | 140121b2003 ck ||||| |||| 00| 0 spa d | ||
| 041 | _aspa | ||
| 044 | _ack | ||
| 090 |
_aIAVH _b00151 |
||
| 110 |
_9204 _aInstituto de Investigación de Recursos Biológicos Alexander von Humboldt _bInstituto de Investigación de Recursos Biológicos Alexander von Humboldt |
||
| 245 | _aActualización estado de la investigación en biodiversidad y de la cooperación científica y técnica en Colombia 2003 | ||
| 260 |
_aBogotá _bInstituto Alexander von Humboldt _bGTZ _c2003 |
||
| 300 | _a30 p. | ||
| 650 |
_aInvestigación científica _92634 |
||
| 650 |
_aCooperación científica _94388 |
||
| 650 |
_aSistemas de información _992288 |
||
| 662 | _aColombia | ||
| 650 |
_9667 _aCooperación internacional |
||
| 700 |
_aKrieger, Katharina _94471 |
||
| 700 |
_aOsorio, Juan Esteban _94472 |
||
| 942 |
_cCD-ROM _2z _03 |
||
| 945 | _d2004-02-03 | ||
| 999 |
_c3676 _d3676 |
||